00459nam a2200181 a 4500001001300000003000900013005001700022008004100039020002300080082001500103100001400118245003500132260003200167300000900199500003500208650002000243700001400263nice12345678IN_TiNIC20260116014201.0070416s2005 dela grp 000 0 eng  a8173917302 c45000a954.6bDHA aDhar, D N aKsahmirb A Kakeidoscopic View aDelhibKanishka Pub. c2005 a204p aincludes index and biblioraphy aKashmir-History1 aDhar, D N